[Event "UKR tt"]
[Site "Alushta"]
[Date "2003.??.??"]
[Round "3"]
[White "Privakov, Y."]
[Black "Krupko, Alexey"]
[Result "1/2-1/2"]
[WhiteElo "2391"]
[BlackElo "2099"]
[PlyCount "82"]
[EventDate "2003.??.??"]
[EventType "team"]
[EventRounds "7"]
[EventCountry "UKR"]
[SourceTitle "EXT 2005"]
[Source "ChessBase"]
[SourceDate "2004.11.15"]
[SourceVersion "1"]
[SourceVersionDate "2004.11.15"]
[SourceQuality "1"]

1. e4 c5 2. Nf3 e6 3. c3 d5 4. exd5 Qxd5 5. d4 Nc6 6. Na3 Nf6 7. Nc2 Be7 8. Be2 0-0 9. 0-0 b6 10. c4 Qd8 11. b3 Bb7 12. Bb2 Rc8 13. dxc5 Bxc5 14. Qe1 Qe7 15. Bd3 Rfd8 16. Rd1 Rc7 17. Qe2 Rcd7 18. Bc1 Re8 19. Bg5 Qd8 20. Bxf6 gxf6 21. Be4 Rxd1 22. Rxd1 Qe7 23. Nfe1 f5 24. Bf3 Rd8 25. Nd3 Nd4 26. Nxd4 Rxd4 27. Nxc5 bxc5 28. Re1 Be4 29. Bxe4 Rxe4 30. Qd2 Rxe1+ 31. Qxe1 Qd6 32. Qc1 Qd4 33. g3 Kg7 34. h4 h6 35. Kf1 e5 36. Qc2 Kf6 37. Ke2 Qg4+ 38. Ke1 Qd4 39. Ke2 Qg4+ 40. Ke1 Qd4 41. Ke2 Qg4+ 1/2-1/2

[Event "UKR tt"]
[Site "Alushta"]
[Date "2003.??.??"]
[Round "1"]
[White "Privakov, Y."]
[Black "Moroz, Alexander"]
[Result "1/2-1/2"]
[WhiteElo "2391"]
[BlackElo "2519"]
[PlyCount "121"]
[EventDate "2003.??.??"]
[EventType "team"]
[EventRounds "7"]
[EventCountry "UKR"]
[SourceTitle "EXT 2005"]
[Source "ChessBase"]
[SourceDate "2004.11.15"]
[SourceVersion "1"]
[SourceVersionDate "2004.11.15"]
[SourceQuality "1"]

1. e4 c5 2. Nf3 e6 3. d4 cxd4 4. Nxd4 a6 5. c4 Nf6 6. Nc3 Qc7 7. Qc2 Nc6 8. Nxc6 dxc6 9. g3 e5 10. Bg2 Be6 11. b3 b5 12. 0-0 bxc4 13. Na4 cxb3 14. axb3 Rb8 15. Rb1 Bb4 16. Bg5 Nd7 17. Rfc1 0-0 18. Qxc6 Qxc6 19. Rxc6 a5 20. Bf1 Rfc8 21. Rxc8+ Rxc8 22. Be3 Rc2 23. Bd3 Ra2 24. Bb5 Nf6 25. f3 h6 26. Nc5 Bh3 27. Nd3 Rg2+ 28. Kh1 Re2 29. Bf2 Bd6 30. Kg1 Rd2 31. Nb2 Bc7 32. Bc4 g5 33. Bf1 Bxf1 34. Kxf1 g4 35. Nc4 Ra2 36. fxg4 Nxg4 37. Rb2 Nxh2+ 38. Ke2 Ra1 39. Ne3 h5 40. Rd2 Ng4 41. Nxg4 hxg4 42. Rd7 Ra2+ 43. Rd2 Rxd2+ 44. Kxd2 Kg7 45. Kd3 Kg6 46. Kc4 f5 47. exf5+ Kxf5 48. Kd5 e4 49. Be1 Be5 50. Kc4 Ke6 51. Bf2 Kf6 52. Be1 Kf5 53. Bf2 e3 54. Bxe3 Bxg3 55. Bb6 Be1 56. Kd3 Kf4 57. Ke2 Bc3 58. Kf2 g3+ 59. Kg2 Be1 60. Bc7+ Ke3 61. Bxa5 1/2-1/2

[Event "UKR tt"]
[Site "Alushta"]
[Date "2003.??.??"]
[Round "5"]
[White "Privakov, Y."]
[Black "Rakhmangulov, Andrei"]
[Result "1/2-1/2"]
[WhiteElo "2391"]
[BlackElo "2343"]
[PlyCount "39"]
[EventDate "2003.??.??"]
[EventType "team"]
[EventRounds "7"]
[EventCountry "UKR"]
[SourceTitle "EXT 2005"]
[Source "ChessBase"]
[SourceDate "2004.11.15"]
[SourceVersion "1"]
[SourceVersionDate "2004.11.15"]
[SourceQuality "1"]

1. c4 e5 2. Nc3 Nf6 3. Nf3 Nc6 4. g3 d5 5. cxd5 Nxd5 6. d3 Be7 7. Bg2 Nb6 8. 0-0 0-0 9. Be3 Bg4 10. a4 a5 11. Rc1 Re8 12. h3 Be6 13. Kh2 Nd5 14. Bd2 Ndb4 15. Nb5 Na2 16. Ra1 Nab4 17. Rc1 Na2 18. Ra1 Nab4 19. Rc1 Na2 20. Ra1 1/2-1/2

[Event "Marganets"]
[Site "Marganets"]
[Date "1999.??.??"]
[Round "1"]
[White "Bets, Anatolij"]
[Black "Privakov, Y."]
[Result "0-1"]
[WhiteElo "2439"]
[BlackElo "2325"]
[PlyCount "114"]
[EventDate "1999.??.??"]
[EventType "tourn"]
[EventRounds "11"]
[EventCountry "UKR"]
[EventCategory "8"]
[SourceTitle "EXT 2001"]
[Source "ChessBase"]
[SourceDate "2000.11.22"]
[SourceVersion "1"]
[SourceVersionDate "2000.11.22"]
[SourceQuality "1"]

1. d4 d5 2. c4 c6 3. Nc3 Nf6 4. e3 g6 5. Nf3 Bg7 6. Bd3 0-0 7. 0-0 Bg4 8. h3 Bxf3 9. Qxf3 e6 10. Rd1 Nbd7 11. b3 Re8 12. Bb2 Qe7 13. Qe2 Rad8 14. a4 Qd6 15. Ba3 Qb8 16. Rac1 Bf8 17. Bxf8 Kxf8 18. Qb2 Qd6 19. e4 dxe4 20. Bxe4 Kg7 21. b4 Qf4 22. g3 Qb8 23. Bg2 a6 24. a5 Qc7 25. Na4 Re7 26. d5 Nb8 27. dxe6 Rxd1+ 28. Rxd1 fxe6 29. Nc5 e5 30. Qe2 Nbd7 31. Nb3 Nf8 32. Re1 Kf7 33. Nc5 Ne6 34. Qxe5 Nxc5 35. Qxc7 Rxc7 36. bxc5 Nd7 37. f4 Nxc5 38. Re5 Nb3 39. f5 Re7 40. fxg6+ hxg6 41. Rg5 Kf6 42. h4 Re5 43. Rg4 Rxa5 44. Be4 g5 45. h5 Kg7 46. Bg6 Re5 47. Bc2 Nd2 48. c5 Rxc5 49. Bd3 b5 50. Kf2 Rd5 51. Ke3 c5 52. Bg6 Nc4+ 53. Ke2 Nd6 54. Ke3 Re5+ 55. Kd2 Kh6 56. Kd3 a5 57. Kc2 a4 0-1

[Event "Marganets"]
[Site "Marganets"]
[Date "1999.??.??"]
[Round "6"]
[White "Kushch, Nikolai"]
[Black "Privakov, Y."]
[Result "1/2-1/2"]
[WhiteElo "2375"]
[BlackElo "2325"]
[PlyCount "28"]
[EventDate "1999.??.??"]
[EventType "tourn"]
[EventRounds "11"]
[EventCountry "UKR"]
[EventCategory "8"]
[SourceTitle "EXT 2001"]
[Source "ChessBase"]
[SourceDate "2000.11.22"]
[SourceVersion "1"]
[SourceVersionDate "2000.11.22"]
[SourceQuality "1"]

1. Nf3 g6 2. c4 Bg7 3. Nc3 Nf6 4. e3 c5 5. Be2 0-0 6. d4 cxd4 7. exd4 d5 8. h3 Nc6 9. 0-0 dxc4 10. Bxc4 Na5 11. Be2 Be6 12. Re1 Rc8 13. Bg5 Nc4 14. b3 Nd6 1/2-1/2

[Event "Marganets"]
[Site "Marganets"]
[Date "1999.??.??"]
[Round "4"]
[White "Lastin, Alexander"]
[Black "Privakov, Y."]
[Result "0-1"]
[WhiteElo "2558"]
[BlackElo "2325"]
[PlyCount "82"]
[EventDate "1999.??.??"]
[EventType "tourn"]
[EventRounds "11"]
[EventCountry "UKR"]
[EventCategory "8"]
[SourceTitle "EXT 2001"]
[Source "ChessBase"]
[SourceDate "2000.11.22"]
[SourceVersion "1"]
[SourceVersionDate "2000.11.22"]
[SourceQuality "1"]

1. e4 g6 2. d4 Bg7 3. Nf3 d6 4. Nc3 a6 5. a4 b6 6. Bc4 e6 7. Qe2 Ne7 8. h4 h6 9. Bf4 Nd7 10. 0-0-0 Bb7 11. Kb1 Nf6 12. d5 exd5 13. Nxd5 Nexd5 14. exd5+ Qe7 15. Qd3 0-0 16. Rde1 Qd7 17. h5 Nxh5 18. Rxh5 gxh5 19. Nd4 Rae8 20. Rh1 Bc8 21. Bb3 Qg4 22. g3 h4 23. f3 Qg6 24. Qd2 hxg3 25. Rg1 Kh8 26. Rxg3 Qh5 27. c3 Qh1+ 28. Ka2 Re1 29. Bc2 Ra1+ 30. Kb3 Bd7 31. Nc6 Bxc6 32. dxc6 Qe1 33. Rxg7 Qe6+ 34. c4 Kxg7 35. Qd4+ Kg8 36. Bd2 b5 37. Bd3 bxc4+ 38. Bxc4 Rb8+ 39. Kc3 Qe5 40. Bxh6 Qxd4+ 41. Kxd4 Rxb2 0-1

[Event "Marganets"]
[Site "Marganets"]
[Date "1999.??.??"]
[Round "8"]
[White "Ljukin, Sergei"]
[Black "Privakov, Y."]
[Result "0-1"]
[WhiteElo "2400"]
[BlackElo "2325"]
[PlyCount "52"]
[EventDate "1999.??.??"]
[EventType "tourn"]
[EventRounds "11"]
[EventCountry "UKR"]
[EventCategory "8"]
[SourceTitle "EXT 2001"]
[Source "ChessBase"]
[SourceDate "2000.11.22"]
[SourceVersion "1"]
[SourceVersionDate "2000.11.22"]
[SourceQuality "1"]

1. e4 e6 2. d4 d5 3. Nc3 Bb4 4. Nge2 dxe4 5. a3 Be7 6. Nxe4 Nd7 7. N2c3 Ngf6 8. Be3 Nxe4 9. Nxe4 Nf6 10. Bd3 0-0 11. Qf3 Rb8 12. h4 Nd5 13. c4 Nxe3 14. fxe3 f5 15. Nf2 c5 16. d5 b5 17. 0-0-0 b4 18. a4 b3 19. e4 Qa5 20. e5 Rb4 21. Rdg1 Rxa4 22. Nd1 Ra1+ 23. Bb1 Qa4 24. d6 Bd8 25. Qd3 Ba6 26. Ne3 Bb7 0-1

[Event "Marganets"]
[Site "Marganets"]
[Date "1999.??.??"]
[Round "9"]
[White "Privakov, Y."]
[Black "Gutman, Gennadi"]
[Result "1/2-1/2"]
[WhiteElo "2325"]
[BlackElo "2470"]
[PlyCount "24"]
[EventDate "1999.??.??"]
[EventType "tourn"]
[EventRounds "11"]
[EventCountry "UKR"]
[EventCategory "8"]
[SourceTitle "EXT 2001"]
[Source "ChessBase"]
[SourceDate "2000.11.22"]
[SourceVersion "1"]
[SourceVersionDate "2000.11.22"]
[SourceQuality "1"]

1. e4 e6 2. d4 d5 3. Nd2 a6 4. Ngf3 c5 5. exd5 exd5 6. dxc5 Bxc5 7. Nb3 Bb6 8. Bd3 Nf6 9. 0-0 0-0 10. h3 Nc6 11. c3 Qd6 12. Nbd4 Bd7 1/2-1/2

[Event "Marganets"]
[Site "Marganets"]
[Date "1999.??.??"]
[Round "2"]
[White "Stoockalov, Vladimir L"]
[Black "Privakov, Y."]
[Result "1/2-1/2"]
[WhiteElo "2445"]
[BlackElo "2325"]
[PlyCount "38"]
[EventDate "1999.??.??"]
[EventType "tourn"]
[EventRounds "11"]
[EventCountry "UKR"]
[EventCategory "8"]
[SourceTitle "EXT 2001"]
[Source "ChessBase"]
[SourceDate "2000.11.22"]
[SourceVersion "1"]
[SourceVersionDate "2000.11.22"]
[SourceQuality "1"]

1. Nf3 c5 2. c4 Nf6 3. Nc3 d5 4. cxd5 Nxd5 5. e3 Nxc3 6. bxc3 g6 7. d4 Bg7 8. Bb5+ Bd7 9. a4 Qa5 10. Qb3 cxd4 11. exd4 0-0 12. 0-0 Qc7 13. Re1 e6 14. Ng5 Nc6 15. Ba3 Rfe8 16. Ne4 Na5 17. Qa2 Bc6 18. Nd6 Red8 19. Bxc6 Qxc6 1/2-1/2